| 000 | 00421nam a2200133Ia 4500 | ||
|---|---|---|---|
| 008 | 250506s9999 xx 000 0 und d | ||
| 024 | _a98A-02-EE, 98A-15-EE & 98A-24-EE | ||
| 082 | _a620.042072 SYE | ||
| 100 | _aSyed Rehan Mehfooz, Syed Habib Raza & Faisal Jamal | ||
| 245 | 0 | _aEnergy Management System | |
| 260 |
_aKarachi: _bUIT, _c1998 |
||
| 600 | _aElectronic Engineering | ||
| 650 | _aBachelor of Engineering (BE) | ||
| 999 |
_c27900 _d27900 |
||